[Event "XXIV Weekend A"]
[Site "Robecchetto con Induno ITA"]
[Date "2013.12.28"]
[Round "3"]
[White "Bianchi, Alberto"]
[Black "Mantovani, Enrico"]
[WhiteElo "1954"]
[BlackElo "1828"]
[Result "0-1"]
[PlyCount "76"]
[EventDate "2013.12.27"]

1. e4 c6 2. Nf3 d5 3. Nc3 Bg4 4. Be2 e6 5. O-O Nf6 6. exd5 cxd5 7. Ne5 Bxe2 8.
Qxe2 a6 9. d3 h6 10. Rb1 Nc6 11. Nf3 Bd6 12. d4 Qc7 13. a3 O-O 14. g3 b5 15.
Bd2 Na5 16. Rfc1 Nc4 17. Nd1 a5 18. c3 Rfb8 19. Ne3 Qe7 20. Ng2 b4 21. axb4
axb4 22. Ne5 Bxe5 23. dxe5 Ne4 24. Be1 bxc3 25. Bxc3 Ra2 26. Ne3 Nxc3 27. Rxc3
Rbxb2 28. Rxb2 Rxb2 29. Qd3 Qc5 30. Qf1 Qb4 31. Qd3 Rd2 32. Rxc4 dxc4 33. Qe4
Qc5 34. Qf4 c3 35. Nf1 Qxf2+ 36. Qxf2 Rxf2 37. Kxf2 c2 38. Nd2 c1=Q 0-1

[Event "XXIV Weekend A"]
[Site "Robecchetto con Induno ITA"]
[Date "2013.12.28"]
[Round "3"]
[White "Biancotti, Alessandro"]
[Black "Zuliani, Francesco"]
[WhiteElo "1872"]
[BlackElo "1834"]
[Result "0-1"]
[PlyCount "166"]
[EventDate "2013.12.27"]

1. e4 Nf6 2. e5 Nd5 3. Nf3 d6 4. exd6 exd6 5. d4 Be7 6. Be2 O-O 7. O-O Re8 8.
c3 c5 9. Qb3 Nb6 10. Be3 Be6 11. Qc2 N8d7 12. c4 Bf6 13. d5 Bg4 14. Nbd2 Ne5
15. Rac1 g6 16. b3 Nbd7 17. Qd1 Nxf3+ 18. Bxf3 Bxf3 19. Nxf3 Ne5 20. Bf4 Nxf3+
21. Qxf3 Bg5 22. Rce1 Qf6 23. Bxg5 Qxg5 24. Re4 Re5 25. Rxe5 Qxe5 26. Qe3 Qxe3
27. fxe3 Re8 28. Kf2 f5 29. Kf3 Re4 30. h3 Kf7 31. g4 h6 32. gxf5 gxf5 33. Rg1
a6 34. a4 b5 35. cxb5 axb5 36. a5 c4 37. bxc4 bxc4 38. a6 c3 39. Rc1 Ra4 40.
Rxc3 Rxa6 41. Kf4 Kf6 42. Rc4 Ra5 43. Rd4 Ra1 44. e4 Rf1+ 45. Ke3 Ke5 46. Ra4
Re1+ 47. Kf2 Rxe4 48. Ra5 Rh4 49. Kg3 Rd4 50. Ra7 h5 51. h4 Rd3+ 52. Kg2 Kf4
53. Rg7 Rxd5 54. Rg5 Rd2+ 55. Kg1 d5 56. Rxh5 Kg4 57. Rg5+ Kf4 58. Rg8 Ra2 59.
h5 Ra6 60. Rg6 Ra7 61. Rh6 Rd7 62. Kf2 d4 63. Rg6 d3 64. Rg1 Rh7 65. Rd1 Ke4
66. Re1+ Kd4 67. Rh1 d2 68. Ke2 Ke4 69. Rh4+ f4 70. Kxd2 Kf3 71. Ke1 Re7+ 72.
Kf1 Rb7 73. Rh3+ Kg4 74. Rd3 Kxh5 75. Kf2 Kg4 76. Rd2 Rh7 77. Rd8 Rh2+ 78. Kf1
Ra2 79. Rd7 Kf3 80. Rd3+ Kg4 81. Rd7 Kg3 82. Rd1 f3 83. Rb1 Rh2 0-1

[Event "XXIV Weekend A"]
[Site "Robecchetto con Induno ITA"]
[Date "2013.12.28"]
[Round "3"]
[White "Coqueraut, Lodewyk"]
[Black "Cecchini, Massimo S."]
[WhiteElo "1724"]
[BlackElo "1786"]
[Result "1-0"]
[PlyCount "81"]
[EventDate "2013.12.27"]

1. d4 d5 2. c4 c6 3. Nc3 Nf6 4. Nf3 e6 5. cxd5 exd5 6. a3 Bf5 7. e3 Nbd7 8. Be2
Bd6 9. b4 a6 10. Bb2 Nb6 11. Qb3 O-O 12. a4 Qe7 13. Ba3 Be6 14. a5 Nc8 15. Na4
Ne4 16. Nc5 Na7 17. Qb2 Bg4 18. h3 Bh5 19. g4 Bg6 20. h4 h5 21. Ne5 Bxe5 22.
dxe5 hxg4 23. Bxg4 Nxc5 24. bxc5 Nb5 25. Bb4 f6 26. exf6 Rxf6 27. h5 Be4 28.
Rh3 Raf8 29. Rh2 Qc7 30. f4 Qe7 31. O-O-O Bf5 32. Bxf5 Qxe3+ 33. Bd2 Qxc5+ 34.
Bc2 Re8 35. h6 Rxh6 36. Rxh6 gxh6 37. Rh1 Re6 38. f5 Re2 39. Kd1 Qf2 40. Bxh6
d4 41. Bb3+ 1-0

[Event "XXIV Weekend A"]
[Site "Robecchetto con Induno ITA"]
[Date "2013.12.28"]
[Round "3"]
[White "D'Ambrosio, Luca"]
[Black "Griffini, Andrea"]
[WhiteElo "1862"]
[BlackElo "1797"]
[Result "0-1"]
[PlyCount "76"]
[EventDate "2013.12.27"]

1. d4 Nf6 2. Nf3 g6 3. g3 Bg7 4. Bg2 d5 5. Nbd2 Bg4 6. Ne5 Be6 7. c4 c6 8. cxd5
cxd5 9. f4 O-O 10. Qb3 Qc8 11. O-O Nc6 12. Ndf3 Rb8 13. e3 Bh3 14. Bd2 Bxg2 15.
Kxg2 e6 16. Rac1 Qd8 17. Nxc6 bxc6 18. Qa3 Qb6 19. b3 Ne4 20. Qa5 Qb7 21. Rc2
Rfc8 22. Rfc1 Bf8 23. Ne5 Nxd2 24. Qxd2 Ba3 25. Rb1 c5 26. Qa5 Bb4 27. Qa4 cxd4
28. Nc6 d3 29. Rcc1 Bd2 30. Rd1 Rxc6 31. Rxd2 Rc2 32. Rxc2 dxc2 33. Rc1 d4+ 34.
Kf2 d3 35. Qd4 Qa6 36. e4 Qa3 37. Qe3 Rd8 38. Qd2 Qxc1 0-1

[Event "XXIV Weekend A"]
[Site "Robecchetto con Induno ITA"]
[Date "2013.12.28"]
[Round "3"]
[White "Foglieni, Matteo"]
[Black "Oteri, Aldo"]
[WhiteElo "1853"]
[BlackElo "1776"]
[Result "1-0"]
[PlyCount "61"]
[EventDate "2013.12.27"]

1. Nf3 Nf6 2. g3 g6 3. Bg2 Bg7 4. O-O O-O 5. c4 c5 6. Nc3 Nc6 7. a3 d6 8. Rb1
e5 9. d3 Be6 10. b4 cxb4 11. axb4 e4 12. Ng5 exd3 13. Nxe6 fxe6 14. exd3 d5 15.
b5 Na5 16. Qe2 Re8 17. cxd5 Rc8 18. Ne4 exd5 19. Nxf6+ Bxf6 20. Qa2 Kg7 21.
Bxd5 Rc3 22. Be4 Nc4 23. Bxg6 hxg6 24. dxc4 Qd3 25. Bb2 Qxc4 26. Qxa7 Rc2 27.
Qxb7+ Re7 28. Bxf6+ Kxf6 29. Qf3+ Kg7 30. b6 Rf7 31. Qxf7+ 1-0

[Event "XXIV Weekend A"]
[Site "Robecchetto con Induno ITA"]
[Date "2013.12.28"]
[Round "3"]
[White "Guerini, Sara"]
[Black "Caldarola, Stefano"]
[WhiteElo "1754"]
[BlackElo "1861"]
[Result "1/2-1/2"]
[PlyCount "110"]
[EventDate "2013.12.27"]

1. e4 d5 2. exd5 Qxd5 3. Nc3 Qd6 4. d4 Nf6 5. Nf3 c6 6. g3 Bg4 7. Bg2 e6 8. O-O
Be7 9. Re1 O-O 10. Bf4 Qd8 11. Qd2 h6 12. h3 Bf5 13. Rad1 Na6 14. Ne5 Nd5 15.
Nxd5 cxd5 16. c3 Rc8 17. g4 Bh7 18. Bg3 b5 19. Bf1 Nb8 20. Bxb5 Qa5 21. Bf1 Nc6
22. Ra1 Bg5 23. f4 Nxe5 24. Rxe5 Be7 25. h4 Bd6 26. Ree1 Qc7 27. Be2 Be4 28.
Rf1 g5 29. h5 f5 30. Rf2 Rf7 31. Raf1 Rcf8 32. Bh2 Rg7 33. Bf3 Bxf3 34. Rxf3
fxg4 35. R3f2 Qf7 36. fxg5 Bxh2+ 37. Kxh2 Qxh5+ 38. Kg1 Rxf2 39. Qxf2 Rf7 40.
Qxf7+ Qxf7 41. Rxf7 Kxf7 42. gxh6 Kg6 43. b4 Kxh6 44. a4 Kg6 45. b5 Kf7 46. Kf2
Ke7 47. Kg3 Kd6 48. Kxg4 e5 49. dxe5+ Kxe5 50. a5 Kd6 51. b6 axb6 52. axb6 Kc6
53. Kf5 Kxb6 54. Ke5 Kc5 55. Ke6 Kc4 1/2-1/2

[Event "XXIV Weekend A"]
[Site "Robecchetto con Induno ITA"]
[Date "2013.12.28"]
[Round "3"]
[White "Guerini, Silvia Jr"]
[Black "Biava, Pierluigi"]
[WhiteElo "1823"]
[BlackElo "1686"]
[Result "1/2-1/2"]
[PlyCount "69"]
[EventDate "2013.12.27"]

1. e4 c5 2. Nc3 e6 3. f4 Nc6 4. Nf3 a6 5. a4 Nge7 6. Bc4 g6 7. O-O Bg7 8. d3
O-O 9. Qe1 d5 10. Ba2 Nb4 11. Bb1 Bd7 12. Kh1 Bc6 13. e5 Qd7 14. a5 Rfb8 15.
Nd1 Bb5 16. Nf2 b6 17. axb6 Rxb6 18. Ng4 d4 19. Nd2 h5 20. Nf2 Nf5 21. Nde4 Qe7
22. c3 Nd5 23. c4 Nde3 24. Bxe3 dxe3 25. Nd1 Bc6 26. Ra2 Rab8 27. Nxe3 Rxb2 28.
Rxb2 Rxb2 29. Nc2 Bf8 30. Kg1 Qb7 31. h3 Qb3 32. Na1 Qb4 33. Qc1 Nd4 34. Kh2
Be7 35. Nc2 1/2-1/2

[Event "XXIV Weekend A"]
[Site "Robecchetto con Induno ITA"]
[Date "2013.12.28"]
[Round "3"]
[White "Loi, Alberto"]
[Black "Isoardi, Luigi"]
[WhiteElo "1831"]
[BlackElo "1747"]
[Result "0-1"]
[PlyCount "78"]
[EventDate "2013.12.27"]

1. d4 d5 2. c4 e6 3. Nf3 Nf6 4. Nc3 c5 5. Bg5 dxc4 6. Qa4+ Bd7 7. Qxc4 cxd4 8.
Nb5 Qa5+ 9. Nd2 Qxb5 10. Bxf6 Qxc4 11. Nxc4 gxf6 12. e3 Bb4+ 13. Ke2 Bb5 14.
Kd3 dxe3 15. Kxe3 Ke7 16. b3 Nc6 17. a4 Bc5+ 18. Kf3 Bxc4 19. Bxc4 Ne5+ 20. Ke2
Nxc4 21. Rhc1 Bd4 22. Ra2 Ne5 23. Rc7+ Nd7 24. Rd2 e5 25. Rdc2 Ke6 26. a5 b6
27. a6 Nc5 28. Rc6+ Ke7 29. Rc7+ Kf8 30. Ra2 Ne4 31. Kd3 Nxf2+ 32. Kc4 Kg7 33.
Kb5 Rhc8 34. Kc6 Rxc7+ 35. Kxc7 Re8 36. Kd7 Rg8 37. Rc2 Ne4 38. Rc6 Nc5+ 39.
Kc7 Ne6+ 0-1

[Event "XXIV Weekend A"]
[Site "Robecchetto con Induno ITA"]
[Date "2013.12.28"]
[Round "3"]
[White "Macario, Marco"]
[Black "Lucchese, Paolo"]
[WhiteElo "1839"]
[BlackElo "1960"]
[Result "0-1"]
[PlyCount "60"]
[EventDate "2013.12.27"]

1. e4 e5 2. Nf3 Nc6 3. d4 exd4 4. Nxd4 Nf6 5. Nxc6 bxc6 6. e5 Qe7 7. Qe2 Nd5 8.
c4 Ba6 9. f4 g6 10. Qf3 Nb6 11. b3 Bg7 12. Be2 O-O 13. Ba3 c5 14. O-O Rab8 15.
Nc3 d6 16. Qe3 Bb7 17. Rad1 Rfe8 18. Bf3 Bxf3 19. Rxf3 f6 20. Qd3 fxe5 21. Nd5
Nxd5 22. Qxd5+ Qe6 23. Qc6 e4 24. Rh3 Bd4+ 25. Rxd4 cxd4 26. Qxc7 h5 27. Bb2
Qg4 28. Qxd6 Rbd8 29. Qf6 Qd1+ 30. Kf2 e3+ 0-1

[Event "XXIV Weekend A"]
[Site "Robecchetto con Induno ITA"]
[Date "2013.12.28"]
[Round "3"]
[White "Messina, Gianmaria"]
[Black "Pozzi, Luca"]
[WhiteElo "1796"]
[BlackElo "1738"]
[Result "0-1"]
[PlyCount "102"]
[EventDate "2013.12.27"]

1. e4 c5 2. Nc3 Nc6 3. g3 g6 4. Bg2 Bg7 5. Nge2 Nf6 6. O-O d6 7. h3 O-O 8. d3
Rb8 9. g4 b5 10. Ng3 Bd7 11. f4 Nd4 12. Nce2 Ne8 13. c3 Nxe2+ 14. Qxe2 b4 15.
Bd2 Qb6 16. e5 Nc7 17. c4 dxe5 18. fxe5 Ne6 19. Qe3 Qc7 20. Rae1 Nd4 21. Qf4
Be6 22. Qe4 Rb6 23. Kh2 Rd8 24. Rf2 a5 25. Qf4 a4 26. Bd5 Rxd5 27. cxd5 Bxd5
28. h4 Be6 29. Qe4 Rb8 30. h5 Qd7 31. h6 Bh8 32. Qf4 Rf8 33. Be3 Rd8 34. Bxd4
Qxd4 35. Qxd4 Rxd4 36. Rc2 Rd5 37. d4 cxd4 38. Rec1 Rd8 39. Re1 d3 40. Rd2 Bxa2
41. Re4 Bb3 42. Nf1 f5 43. gxf5 gxf5 44. Re3 Bc2 45. Rg2+ Kf7 46. e6+ Kf6 47.
Ng3 f4 48. Nh5+ Kf5 49. Ng7+ Bxg7 50. Rxd3 Bxd3 51. hxg7 Rg8 0-1

[Event "XXIV Weekend A"]
[Site "Robecchetto con Induno ITA"]
[Date "2013.12.28"]
[Round "3"]
[White "Palminteri, Vincenzo"]
[Black "Caldi, Mario"]
[WhiteElo "1810"]
[BlackElo "1865"]
[Result "0-1"]
[PlyCount "82"]
[EventDate "2013.12.27"]

1. e4 e6 2. d4 d5 3. Nc3 Nf6 4. e5 Nfd7 5. Nce2 c5 6. c3 Nc6 7. f4 Qb6 8. Nf3
Be7 9. a3 cxd4 10. cxd4 a5 11. Ng3 O-O 12. Bd3 f6 13. exf6 Nxf6 14. O-O e5 15.
Nxe5 Qxd4+ 16. Kh1 Kh8 17. Nxc6 bxc6 18. Bc2 Qxd1 19. Rxd1 c5 20. Be3 Rd8 21.
Rac1 Bg4 22. Rd2 Rac8 23. Bf5 Bxf5 24. Nxf5 Bf8 25. Ng3 Bd6 26. Rdc2 d4 27. Bd2
Re8 28. b4 axb4 29. axb4 c4 30. Rxc4 Rxc4 31. Rxc4 Bxf4 32. Rxd4 Bxd2 33. h3
Be3 34. Rc4 g6 35. b5 Bf2 36. Kh2 Bxg3+ 37. Kxg3 Rb8 38. Rb4 Rb6 39. Kh4 Kg7
40. Kg5 h6+ 41. Kh4 Nd5 0-1

[Event "XXIV Weekend A"]
[Site "Robecchetto con Induno ITA"]
[Date "2013.12.28"]
[Round "3"]
[White "Paniga, Danilo"]
[Black "Raselli, Claudio"]
[WhiteElo "1843"]
[BlackElo "1878"]
[Result "1/2-1/2"]
[PlyCount "120"]
[EventDate "2013.12.27"]

1. d4 d5 2. Nf3 c5 3. e3 e6 4. c3 Nf6 5. Bd3 Nc6 6. Nbd2 Bd6 7. O-O O-O 8. dxc5
Bxc5 9. e4 e5 10. exd5 Nxd5 11. Ne4 Be7 12. Bc4 Nf6 13. Ng3 Bg4 14. Be2 h6 15.
h3 Be6 16. b3 Qc7 17. Qc2 Nd5 18. Bb2 Nf4 19. Rac1 Rac8 20. Bd3 Nxd3 21. Qxd3
Rfd8 22. Qe2 Rd7 23. Rfd1 Rcd8 24. Rxd7 Rxd7 25. Rd1 Rxd1+ 26. Qxd1 Qd6 27.
Qxd6 Bxd6 28. Ne4 Be7 29. Kf1 Kf8 30. c4 f6 31. Ke2 Ke8 32. Nc3 Kd7 33. Nb5 a6
34. Na3 Nb4 35. Nh4 Nxa2 36. Ng6 Nb4 37. Nxe7 Kxe7 38. Kd2 Bf5 39. Bc3 Nc6 40.
Ke3 Kd6 41. b4 Be6 42. g4 Ne7 43. f4 exf4+ 44. Kxf4 Ng6+ 45. Ke4 Ne5 46. Bxe5+
fxe5 47. c5+ Kc6 48. Kxe5 Bd5 49. Kd4 Bg2 50. h4 Bh3 51. g5 hxg5 52. hxg5 Be6
53. Ke5 Bf7 54. Kd4 Kd7 55. Nc2 Bb3 56. Ne3 Ke6 57. Ke4 Ba2 58. Kd4 Bb3 59. Ke4
Ba2 60. Kd4 Bb3 1/2-1/2

[Event "XXIV Weekend A"]
[Site "Robecchetto con Induno ITA"]
[Date "2013.12.28"]
[Round "3"]
[White "Pizzolato, Roberto"]
[Black "Cervini, Gian Piero"]
[WhiteElo "1732"]
[BlackElo "1795"]
[Result "0-1"]
[PlyCount "122"]
[EventDate "2013.12.27"]

1. e4 g6 2. d4 Bg7 3. Nc3 d6 4. f4 Nf6 5. Nf3 c5 6. dxc5 Qa5 7. Bd2 Qxc5 8.
Bb5+ Bd7 9. Bxd7+ Nbxd7 10. Qe2 O-O 11. Be3 Qb4 12. Bd2 Qxb2 13. O-O Qb6+ 14.
Kh1 Nc5 15. Rab1 Qc7 16. e5 dxe5 17. Nb5 Qc8 18. fxe5 Nfd7 19. Bf4 Ne6 20. Bg3
a6 21. Nbd4 Nxd4 22. Nxd4 e6 23. Nb3 Qc7 24. Rfe1 Rac8 25. Nd4 Qc3 26. Red1 Rc7
27. Be1 Qc4 28. Qe3 Qf1+ 29. Qg1 Qxg1+ 30. Kxg1 Bxe5 31. Nf3 b5 32. Nxe5 Nxe5
33. Bb4 Rxc2 34. Bxf8 Kxf8 35. a4 bxa4 36. Ra1 Rc4 37. Ra3 Ke7 38. Rda1 Nc6 39.
Rxa4 Rxa4 40. Rxa4 a5 41. Kf2 Kd6 42. Ke3 Kc5 43. Rh4 h5 44. Kf4 f6 45. Ke3 e5
46. Kd3 Nd4 47. g4 Nf3 48. gxh5 Nxh4 49. h6 g5 50. Ke4 a4 51. h7 Ng6 52. Kf5
Nh8 53. Kxf6 a3 54. Kg7 a2 55. Kxh8 a1=Q 56. Kg8 e4 57. h8=Q Qxh8+ 58. Kxh8 e3
59. Kg7 e2 60. Kg6 e1=Q 61. Kxg5 Qg1+ 0-1

[Event "XXIV Weekend A"]
[Site "Robecchetto con Induno ITA"]
[Date "2013.12.28"]
[Round "3"]
[White "Porzio, Massimo"]
[Black "Cerutti, Fabio Maria"]
[WhiteElo "1848"]
[BlackElo "1772"]
[Result "1-0"]
[PlyCount "107"]
[EventDate "2013.12.27"]

1. e4 c5 2. Nf3 d6 3. d4 cxd4 4. Nxd4 Nf6 5. Nc3 g6 6. Be3 Bg7 7. f3 O-O 8. Qd2
Nc6 9. Bc4 Bd7 10. O-O-O Rb8 11. g4 Na5 12. Bb3 b5 13. h4 Nxb3+ 14. axb3 b4 15.
Nb1 a5 16. Bh6 Bxh6 17. Qxh6 a4 18. bxa4 Bxa4 19. b3 Bd7 20. Rdg1 Kh8 21. h5
Rg8 22. hxg6 fxg6 23. Rg2 Qf8 24. Qe3 e5 25. Ne2 Qe7 26. Rgh2 Rg7 27. Rd1 Bxg4
28. Qd3 Bh5 29. Qxd6 Qxd6 30. Rxd6 Bxf3 31. Rxf6 Bxe4 32. Ng3 Bd5 33. Rd6 Bf3
34. Nd2 Rf7 35. Rf2 Rbf8 36. Re6 Kg7 37. Rxe5 h5 38. Nxf3 Rxf3 39. Nxh5+ gxh5
40. Rxf3 Rxf3 41. Rxh5 Rf4 42. Re5 Kf6 43. Re2 Rd4 44. Kb2 Kf7 45. c3 bxc3+ 46.
Kxc3 Rd6 47. Kc4 Re6 48. Rxe6 Kxe6 49. Kc5 Kd7 50. Kb6 Kc8 51. Ka7 Kc7 52. b4
Kc6 53. Ka6 Kc7 54. b5 1-0

[Event "XXIV Weekend A"]
[Site "Robecchetto con Induno ITA"]
[Date "2013.12.28"]
[Round "3"]
[White "Rossi, Emanuele"]
[Black "Recanatini, Italo"]
[WhiteElo "1628"]
[BlackElo "1808"]
[Result "0-1"]
[PlyCount "136"]
[EventDate "2013.12.27"]

1. e4 d5 2. exd5 Qxd5 3. Nc3 Qa5 4. d4 c6 5. Bd2 Qc7 6. Bd3 Nf6 7. Nf3 Bg4 8.
h3 Bxf3 9. Qxf3 e6 10. O-O Bd6 11. Rfe1 O-O 12. Ne2 Nbd7 13. c4 Rfe8 14. c5 Bf8
15. Bf4 Qd8 16. Ng3 Nd5 17. Bd6 Bxd6 18. cxd6 N7f6 19. Be4 Qxd6 20. Rad1 Rad8
21. Bxd5 Qxd5 22. Qa3 a6 23. Re5 Qd6 24. Qf3 Qe7 25. Nf5 Qf8 26. Ng3 Rd5 27.
Rde1 Red8 28. Nh5 Nxh5 29. Qxh5 Rxd4 30. R1e3 Rd1+ 31. Kh2 R1d5 32. R3e4 Rxe5
33. Rxe5 Rd5 34. Qe2 Qd6 35. f4 Rxe5 36. fxe5 Qd4 37. g3 f6 38. exf6 Qxf6 39.
Kg2 g6 40. g4 Kf7 41. Qd2 e5 42. g5 Qe6 43. Kg3 Qf5 44. h4 Qf4+ 45. Qxf4+ exf4+
46. Kxf4 Ke6 47. Kg4 Ke5 48. Kf3 a5 49. Kg4 b5 50. h5 c5 51. hxg6 hxg6 52. Kf3
Kd4 53. Kf4 c4 54. Kf3 b4 55. Ke2 a4 56. Kd1 Kd3 57. Kc1 c3 58. a3 bxa3 59.
bxc3 Kxc3 60. Kb1 Kd4 61. Ka2 Ke5 62. Kxa3 Kf5 63. Kxa4 Kxg5 64. Kb3 Kf4 65.
Kc2 Kf3 66. Kd2 Kf2 67. Kd3 g5 68. Ke4 g4 0-1

[Event "XXIV Weekend A"]
[Site "Robecchetto con Induno ITA"]
[Date "2013.12.28"]
[Round "3"]
[White "Saccani, Ettore"]
[Black "Giovarruscio, Gabriele"]
[WhiteElo "1726"]
[BlackElo "1683"]
[Result "1-0"]
[PlyCount "71"]
[EventDate "2013.12.27"]

1. e4 c6 2. d4 d5 3. Nc3 dxe4 4. Nxe4 Bf5 5. Ng3 Bg6 6. Nf3 Nd7 7. Bc4 e6 8.
O-O Ngf6 9. Re1 Be7 10. c3 Qc7 11. Bg5 h6 12. Bh4 O-O 13. Ne5 Nxe5 14. dxe5
Rfd8 15. Qb3 Nd5 16. Bxe7 Qxe7 17. Rad1 Nb6 18. Ne4 Rxd1 19. Qxd1 Nxc4 20. Nd6
Nxd6 21. exd6 Qd7 22. c4 b6 23. b4 Rd8 24. c5 bxc5 25. bxc5 Rb8 26. Qd2 Rb1 27.
Rxb1 Bxb1 28. Qb2 Bg6 29. Qb8+ Kh7 30. Qc7 Qe8 31. d7 Qe7 32. d8=Q Qxc5 33. h4
Qc1+ 34. Kh2 Qc4 35. Qcb8 Qxh4+ 36. Qxh4 1-0

[Event "XXIV Weekend A"]
[Site "Robecchetto con Induno ITA"]
[Date "2013.12.29"]
[Round "4"]
[White "Bejo, Armand"]
[Black "D'Ambrosio, Luca"]
[WhiteElo "1609"]
[BlackElo "1862"]
[Result "1/2-1/2"]
[PlyCount "97"]
[EventDate "2013.12.27"]

1. e4 Nf6 2. Nc3 d5 3. exd5 Nxd5 4. Nxd5 Qxd5 5. d4 Bf5 6. Nf3 Qe4+ 7. Be3 Qxc2
8. Qxc2 Bxc2 9. Rc1 Be4 10. Nd2 Bd5 11. Rxc7 Kd8 12. Rc2 e6 13. a3 Nc6 14. f3
Be7 15. Bc4 Bxc4 16. Nxc4 Kd7 17. O-O Bf6 18. Rd1 Rhd8 19. d5 exd5 20. Rxd5+
Ke6 21. Rdd2 b5 22. Rxd8 Rxd8 23. Nd2 Nd4 24. Bxd4 Bxd4+ 25. Kf1 f5 26. Ke2 Be5
27. h3 Rd4 28. b3 Bf4 29. Nb1 Rd5 30. Rc6+ Rd6 31. Rc5 Rd5 32. Rc6+ Kd7 33. Rc2
Re5+ 34. Kd1 Re3 35. Rc3 Rxc3 36. Nxc3 Kc6 37. Ne2 Be5 38. Kc2 f4 39. Kd3 Kd5
40. a4 b4 41. Nc1 a5 42. Ne2 g5 43. Ng1 Bd4 44. Ne2 Bb6 45. Nc1 h5 46. Ne2 h4
47. Nc1 Ba7 48. Ne2 Be3 49. Kc2 1/2-1/2

[Event "XXIV Weekend A"]
[Site "Robecchetto con Induno ITA"]
[Date "2013.12.29"]
[Round "4"]
[White "Caldi, Mario"]
[Black "Paniga, Danilo"]
[WhiteElo "1865"]
[BlackElo "1843"]
[Result "1-0"]
[PlyCount "61"]
[EventDate "2013.12.27"]

1. e4 d6 2. d4 Nf6 3. Nc3 c6 4. Nf3 Bg4 5. h3 Bh5 6. Bg5 Nbd7 7. Qd3 Qa5 8. Bd2
Qc7 9. Be2 e6 10. g4 Bg6 11. Nh4 Be7 12. Nxg6 hxg6 13. f4 Nb6 14. O-O-O Nfd7
15. Kb1 O-O-O 16. Bf3 e5 17. Be3 Nf6 18. d5 Kb8 19. Qe2 cxd5 20. fxe5 dxe4 21.
exd6 Rxd6 22. Bxe4 Rxd1+ 23. Qxd1 Nxe4 24. Nxe4 Ka8 25. Qf3 Nd5 26. Bd4 f6 27.
Nc3 Nxc3+ 28. Bxc3 Qd7 29. Rd1 Rxh3 30. Rxd7 Rxf3 31. Rxe7 1-0

[Event "XXIV Weekend A"]
[Site "Robecchetto con Induno ITA"]
[Date "2013.12.29"]
[Round "4"]
[White "Cecchini, Massimo S."]
[Black "Messina, Gianmaria"]
[WhiteElo "1786"]
[BlackElo "1796"]
[Result "1/2-1/2"]
[PlyCount "118"]
[EventDate "2013.12.27"]

1. d4 d5 2. Nf3 Nf6 3. c4 e6 4. a3 c6 5. cxd5 exd5 6. Nc3 Bd6 7. Bg5 O-O 8. e3
Bg4 9. Be2 Nbd7 10. O-O Qc7 11. h3 Bh5 12. Rc1 Qb8 13. b4 h6 14. Bxf6 Nxf6 15.
Re1 a5 16. Qb3 axb4 17. axb4 Qd8 18. Na4 Bxf3 19. Bxf3 Qe7 20. b5 Bb4 21. Red1
cxb5 22. Nc5 Ba3 23. Rc2 b4 24. Rb1 Rac8 25. Nd3 b6 26. Rxc8 Rxc8 27. Nxb4 Bxb4
28. Qxb4 Rc1+ 29. Kh2 Qc7+ 30. g3 Qc2 31. Rxc1 Qxc1 32. Qxb6 Qf1 33. Qb2 Kh7
34. Qc2+ Kg8 35. Qe2 Qb1 36. Kg2 Kh7 37. Qd2 Qf5 38. Qb2 Qd7 39. Qb8 Kg6 40.
Qe5 Kh7 41. g4 Kg8 42. Be2 Qc6 43. Qb8+ Kh7 44. Bd3+ g6 45. Qe5 Qe6 46. Qxe6
fxe6 47. Kg3 Kg7 48. h4 g5 49. f3 Nd7 50. Bb5 Nf8 51. e4 Ng6 52. hxg5 hxg5 53.
Kf2 Kf7 54. Ke3 Ke7 55. e5 Nf4 56. Kd2 Nh3 57. Ba4 Ng1 58. Ke3 Nh3 59. Bb5 Nf4
1/2-1/2

[Event "XXIV Weekend A"]
[Site "Robecchetto con Induno ITA"]
[Date "2013.12.29"]
[Round "4"]
[White "Cerutti, Fabio Maria"]
[Black "Loi, Alberto"]
[WhiteElo "1772"]
[BlackElo "1831"]
[Result "1-0"]
[PlyCount "120"]
[EventDate "2013.12.27"]

1. e4 e5 2. Nf3 Nc6 3. Bb5 d6 4. d4 exd4 5. Nxd4 Bd7 6. O-O Ne5 7. Bxd7+ Qxd7
8. f4 Nc6 9. Re1 O-O-O 10. Be3 Nge7 11. Nc3 g6 12. Nd5 Bg7 13. Nxe7+ Nxe7 14.
Qd3 a6 15. Rab1 f5 16. b4 fxe4 17. Qxe4 Nc6 18. Nxc6 Qxc6 19. Qxc6 bxc6 20. Bd2
Rhe8 21. Rb3 Kd7 22. Rh3 h6 23. Rg3 Rxe1+ 24. Bxe1 Rg8 25. Kf1 Ke6 26. Rxg6+
Kf5 27. Rg3 d5 28. Bc3 Kxf4 29. Rxg7 Rf8 30. Ke2 Re8+ 31. Kf2 Ke4 32. Rxc7 d4
33. Be1 d3 34. cxd3+ Kxd3 35. Rxc6 Re2+ 36. Kf3 Rxe1 37. Rxh6 Re3+ 38. Kg4 Re4+
39. Kh3 Rxb4 40. Rxa6 Ke4 41. a4 Kf5 42. a5 Rb3+ 43. g3 Rb5 44. Ra8 Kf6 45. a6
Ra5 46. a7 Kg7 47. g4 Ra3+ 48. Kh4 Ra4 49. Kh5 Ra5+ 50. g5 Ra4 51. h4 Kh7 52.
g6+ Kg7 53. Kg5 Ra5+ 54. Kf4 Ra4+ 55. Ke5 Ra5+ 56. Kd6 Ra6+ 57. Kc5 Ra1 58. h5
Rc1+ 59. Kb4 Rb1+ 60. Kc3 Rc1+ 1-0

[Event "XXIV Weekend A"]
[Site "Robecchetto con Induno ITA"]
[Date "2013.12.29"]
[Round "4"]
[White "Cervini, Gian Piero"]
[Black "Coqueraut, Lodewyk"]
[WhiteElo "1795"]
[BlackElo "1724"]
[Result "1-0"]
[PlyCount "83"]
[EventDate "2013.12.27"]

1. e4 d6 2. d4 Nf6 3. Nc3 g6 4. Bg5 Bg7 5. f4 h6 6. Bh4 Bd7 7. Be2 c6 8. Nf3
Na6 9. O-O b5 10. e5 Ng4 11. Qd2 h5 12. exd6 Nh6 13. Bxe7 Qb6 14. Ne4 Nf5 15.
Nf6+ Bxf6 16. Bxf6 Rg8 17. Rae1 Be6 18. c4 Nxd6 19. c5 Nxc5 20. dxc5 Qxc5+ 21.
Qd4 Qxd4+ 22. Nxd4 Kd7 23. Nxe6 fxe6 24. Rd1 Kc7 25. Be5 Rad8 26. Rd2 Rd7 27.
Rfd1 Rgd8 28. Bxd6+ Rxd6 29. Rxd6 Rxd6 30. Rxd6 Kxd6 31. Bd3 e5 32. fxe5+ Kxe5
33. Bxg6 h4 34. Kf2 b4 35. g3 hxg3+ 36. hxg3 a5 37. Be8 c5 38. Bb5 Kd4 39. Ke2
c4 40. Kd2 b3 41. axb3 cxb3 42. g4 1-0

[Event "XXIV Weekend A"]
[Site "Robecchetto con Induno ITA"]
[Date "2013.12.29"]
[Round "4"]
[White "Conta, Diego"]
[Black "Pizzolato, Roberto"]
[WhiteElo "1652"]
[BlackElo "1732"]
[Result "0-1"]
[PlyCount "62"]
[EventDate "2013.12.27"]

1. e4 e5 2. f4 Qh4+ 3. g3 Qf6 4. fxe5 Qxe5 5. Nc3 d6 6. Nf3 Qe7 7. Bg2 Nc6 8.
O-O Bg4 9. h3 Bh5 10. Nd5 Qd7 11. g4 Bg6 12. d3 O-O-O 13. Be3 Nge7 14. c4 Kb8
15. Qa4 Nc8 16. b4 Ne5 17. Qb3 c6 18. Nf4 Be7 19. d4 Nxf3+ 20. Bxf3 h5 21. Nxg6
fxg6 22. Bf4 Rdf8 23. Bh2 Bg5 24. e5 Bf4 25. c5 Bxh2+ 26. Kxh2 hxg4 27. e6
Rxh3+ 28. Kg2 Qe7 29. Qe3 Qh4 30. Qe1 gxf3+ 31. Rxf3 Rh2+ 0-1

[Event "XXIV Weekend A"]
[Site "Robecchetto con Induno ITA"]
[Date "2013.12.29"]
[Round "4"]
[White "Griffini, Andrea"]
[Black "Foglieni, Matteo"]
[WhiteElo "1797"]
[BlackElo "1853"]
[Result "0-1"]
[PlyCount "55"]
[EventDate "2013.12.27"]

1. e4 c6 2. d4 d5 3. Nc3 dxe4 4. Nxe4 Bf5 5. Ng3 Bg6 6. Nf3 Nd7 7. Bc4 e6 8.
O-O Ngf6 9. Re1 Be7 10. c3 Qc7 11. a4 O-O-O 12. a5 Bd6 13. b4 e5 14. Qb3 e4 15.
Ng5 h5 16. Bxf7 h4 17. Nf1 Bxf7 18. Nxf7 Rhf8 19. Nxd8 Ng4 20. Be3 Bxh2+ 21.
Nxh2 Qxh2+ 22. Kf1 Kxd8 23. Rab1 Qg3 24. Rb2 Nxe3+ 25. Rxe3 Qxe3 26. Re2 Qd3
27. Qe6 Re8 28. Qg4 0-1

[Event "XXIV Weekend A"]
[Site "Robecchetto con Induno ITA"]
[Date "2013.12.29"]
[Round "4"]
[White "Guerini, Sara"]
[Black "Biancotti, Alessandro"]
[WhiteElo "1754"]
[BlackElo "1872"]
[Result "1/2-1/2"]
[PlyCount "77"]
[EventDate "2013.12.27"]

1. e4 c5 2. Nc3 Nc6 3. f4 d6 4. Bc4 Nf6 5. Nf3 Bg4 6. h3 Bxf3 7. gxf3 e5 8. Ne2
Nh5 9. d3 Qh4+ 10. Kd2 Nxf4 11. c3 Qf2 12. Qf1 Qxe2+ 13. Qxe2 Nxe2 14. Kxe2 Be7
15. Rg1 g6 16. Bd2 f6 17. Raf1 Kd7 18. f4 a6 19. a4 Rab8 20. f5 g5 21. Ra1 b5
22. axb5 axb5 23. Bd5 Ra8 24. Rgc1 Rhb8 25. Be3 Rxa1 26. Rxa1 b4 27. Ra6 Nd8
28. c4 Rc8 29. b3 Rc7 30. Kf3 h5 31. Kg3 h4+ 32. Kg4 Ke8 33. Kh5 Bf8 34. Ra8
Rh7+ 35. Kg4 Rc7 36. Bd2 Be7 37. Bc1 Kd7 38. Kh5 Ke8 39. Be3 1/2-1/2